header

Research Advances in Sunflower (Helianthus annuus L.) (Record no. 251162)

MARC details
000 -LEADER
fixed length control field 00495nam a22001697a 4500
003 - CONTROL NUMBER IDENTIFIER
control field OSt
005 - DATE AND TIME OF LATEST TRANSACTION
control field 20240819160233.0
008 - FIXED-LENGTH DATA ELEMENTS--GENERAL INFORMATION
fixed length control field 240819b xxu||||| |||| 00| 0 eng d
020 ## - INTERNATIONAL STANDARD BOOK NUMBER
International Standard Book Number 8190430920
040 ## - CATALOGING SOURCE
Transcribing agency N/A
100 ## - MAIN ENTRY--PERSONAL NAME
Personal name R.K. Maiti, V.P. Singh, S.S. Purohit & P. Vidyasagar
245 ## - TITLE STATEMENT
Title Research Advances in Sunflower (Helianthus annuus L.)
250 ## - EDITION STATEMENT
Edition statement Advances in Agronomy 1
260 ## - PUBLICATION, DISTRIBUTION, ETC. (IMPRINT)
Date of publication, distribution, etc 2007
Place of publication, distribution, etc NewYork
Name of publisher, distributor, etc Agrobios [International]
300 ## - PHYSICAL DESCRIPTION
Other physical details 512 pages;col;.ill
942 ## - ADDED ENTRY ELEMENTS (KOHA)
Koha item type Long Loan Books
Source of classification or shelving scheme Library of Congress Classification
Holdings
Withdrawn status Lost status Source of classification or shelving scheme Damaged status Not for loan Collection code Home library Current library Shelving location Date acquired Total Checkouts Full call number Barcode Date last seen Date checked out Price effective from Koha item type
    Library of Congress Classification     Non-fiction Rongo University Library Rongo University Library General Stacks 10/11/2015 1 QK495.M36 2007 20089221 12/11/2018 06/11/2018 10/11/2015 Short Loan Books
    Library of Congress Classification     Non-fiction Rongo University Library Rongo University Library General Stacks 19/08/2024   QK495.M36 2007 202401084 19/08/2024   19/08/2024 Long Loan Books
    Library of Congress Classification     Non-fiction Rongo University Library Rongo University Library General Stacks 19/08/2024   QK495 .M36 2007 202401083 19/08/2024   19/08/2024 Short Loan Books

© 2026 Rongo University
Contact us: librarian | system librarian | Rongo university